000
00212nam a22000857a 4500
008
170130b xxu||||| |||| 00| 0 eng d
100
_9
2675
_a
Goel.D.K et al
245
_a
Acccountancey-XI
260
_a
New Delhi
_b
AP
_c
2010
999
_c
5830
_d
5830